| 000 | 00000nam##2200000za#4500 |
| 001 | 9.631260 |
| 003 | CaOODSP |
| 005 | 20210624214239 |
| 007 | cr ||||||||||| |
| 008 | 150407|2003||||xxc|||||o f|0| 0 fre|d |
| 040 | |aCaOODSP|bfre |
| 043 | |an-cn--- |
| 086 | 1 |aH46-2/03-292F-PDF |
| 110 | 1 |aCanada. |bSanté Canada.|bDirection générale de la santé environnementale et de la sécurité des consommateurs. |
| 245 | 10|aQualité de l'air intérieur : |h[ressource électronique]|boutils de la trousse d'action pour les écoles canadiennes |
| 260 | |aOttawa - Ontario : |bSanté Canada. |c2003. |
| 300 | |a196p.|btableaux |
| 500 | |a«La Trousse d'action - QAI est un outil pratique visant à aider les commissions scolaires, les directeurs et leurs équipes d'administration, et les employés de l'école à comprendre et à s'occuper des problèmes de qualité de l'air intérieur (QAI).»--Introduction. Le numéro de catalogue et l’ISBN pour l’édition imprimée ont été incorrectement copiés dans cette édition électronique. |
| 520 | 3 |aLa Trousse d'action - QAI est un outil pratique visant à aider les commissions scolaires, les directeurs et leurs équipes d'administration, et les employés de l'école à comprendre et à s'occuper des problèmes de qualité de l'air intérieur (QAI). |
| 590 | |a03-51|b2003-12-24 |
| 775 | 08|tIndoor air quality : |w(CaOODSP)9.686796 |
| 776 | 0#|tQualité de l'air intérieur : |w(CaOODSP)9.682010 |
| 856 | 40|ahttp://publications.gc.ca|qPDF|s1097 Ko|uhttps://publications.gc.ca/collections/Collection/H46-2-03-292F.pdf |